00348nam a22001217a 4500008004100000040001800041041000800059100002400067245004000091260004400131300001800175650003300193130821s1928 enk gr eng  aCo-BoUCMbspa00aeng aBlackwood, Algernon04aThe human chordcAlgernon Blackwood aLondres (Inglaterra)bMacMillanc[1928] a325 páginas04aLiteratura inglesaySiglo XX